| 000 | 00717cam a2200289 4500 | ||
|---|---|---|---|
| 001 | ABS61194 | ||
| 008 | 000000n1999 000 0 eng u | ||
| 035 | _a(Sirsi) u101787 | ||
| 245 | _aFocus 99: East Scotland. | ||
| 260 | _c1999 | ||
| 490 |
_aEstates Gazette _v(9936) 11 September 1999, 97-133(23) |
||
| 650 | _aEDINBURGH | ||
| 650 | _aBROWNFIELD SITES | ||
| 650 | _aFIRTH OF FORTH | ||
| 650 | _aREGENERATION | ||
| 650 | _aLEITH | ||
| 650 | _aABERDEEN | ||
| 650 | _aDUNDEE | ||
| 650 | _aINVERNESS | ||
| 650 | _aFIFE | ||
| 650 | _aROSYTH | ||
| 650 | _aDUNFERMLINE | ||
| 650 | _aSTIRLING | ||
| 650 | _aPERTH | ||
| 690 | _aPROPERTY-COMMERCIAL PROPERTY-COMMERCIAL PROPERTY MARKET | ||
| 942 | _n0 | ||
| 999 |
_c60900 _d60900 |
||